Detalles MARC
| 000 -LIDER |
| fixed length control field |
00893nam a22002897a 4500 |
| 001 - NÚMERO DE CONTROL |
| Identificador de número de control |
0074 |
| 003 - IDENTIFICACDOR DE NÚMERO DE CONTROL |
| control field |
DO-SdBPM |
| 005 - DATE AND TIME OF LATEST TRANSACTION |
| control field |
20250206084058.0 |
| 007 - CAMPOS FIJOS DE DESCRIPCIÓN FÍSICA |
| fixed length control field |
0074 |
| 008 - ELEMENTOS DE LONGITUD FIJA |
| fixed length control field |
151111b2004 sp | |||| 00| 0 spa d |
| 020 ## - ISBN |
| International Standard Book Number |
8420401080 |
| 040 ## - FUENTE DE CATALOGACIÓN |
| Agencia que crea de manera original el registro |
DO-SdBPM |
| Idioma de catalogación |
spa |
| Agencia que realiza la transcripción |
BPMSU |
| 082 #4 - NÚMERO DE CLASIFICACIÓN DECIMAL DE DEWEY |
| Classification number |
823.91 |
| Item number |
B848c 2004 |
| Edition number |
22 |
| 100 1# - ASIENTO PRINCIPAL -- NOMBRE PERSONAL |
| Nombre personal |
Brezina, Thomas |
| Fechas asociadas con el nombre |
1963- |
| 245 13 - MENCIÓN DE TITULO |
| Título |
La cripta de los ovnis / |
| Mención de responsabilidad |
Thomas Brezina ; traducción Frank Schleper |
| 260 ## - PUBLICACIÓN, DISTRIBUCIÓN, ETC. (PIE DE IMPRENTA) |
| Lugar de publicación, distribución, etc |
Madrid, España : |
| Nombre del editor, distribuidor, etc. |
Afaguara, |
| Fecha de publicación, distribución, etc |
2004 |
| 300 ## - DESCRIPCIÓN FÍSICA |
| Extensión |
138 p. : |
| Otros detalles físicos |
il., ; |
| Dimensiones |
18 cm. |
| 490 0# - MENCIÓN DE SERIES |
| Mención de serie |
El club detective |
| 590 ## - NOTA LOCAL |
| Texto de la nota local |
Inventariado, 2025/VM |
| 650 #4 - ENCABEZAMIENTO DE MATERIA--TEMÁTICO |
| Término temático o nombre geográfico como elemento de entrada |
Novela juvenil australiana |
| 650 #4 - ENCABEZAMIENTO DE MATERIA--TEMÁTICO |
| Término temático o nombre geográfico como elemento de entrada |
Novela de ciencia ficción |
| 650 #4 - ENCABEZAMIENTO DE MATERIA--TEMÁTICO |
| Término temático o nombre geográfico como elemento de entrada |
Objetos voladores no identificados |
| Subdivisión de forma |
Novela |
| 650 #4 - ENCABEZAMIENTO DE MATERIA--TEMÁTICO |
| Término temático o nombre geográfico como elemento de entrada |
Vida en otros planetas |
| Subdivisión de forma |
Novela |
| 700 1# - ASIENTO SECUNDARIO -- NOMBRE PERSONAL |
| Nombre personal |
Schleper, Frank, |
| Materiales especificados |
traductor |
| 910 ## - VALIDACIÓN |
| Validación |
VMateo V. Control de calidad. BPMSU |
| 942 ## - ADDED ENTRY ELEMENTS (KOHA) |
| Source of classification or shelving scheme |
Dewey Decimal Classification |
| Koha item type |
Libros |